[Event "Nancy Rapid op 22nd"]
[Site "Meurthe et Moselle"]
[Date "2024.02.18"]
[Round "1"]
[White "Brunner, Nicolas"]
[Black "Forget, Gabriel"]
[Result "1-0"]
[WhiteElo "2414"]
[BlackElo "1340"]
[PlyCount "61"]
[EventDate "2024.02.18"]
[EventType "swiss (rapid)"]
[EventRounds "9"]
[EventCountry "FRA"]
[SourceTitle "CB08_2024"]
[SourceDate "2024.02.21"]
[SourceVersion "1"]
[SourceVersionDate "2024.02.21"]
[SourceQuality "1"]

1. d4 d5 2. c4 e6 3. Nf3 Nf6 4. Nc3 Be7 5. Bf4 0-0 6. e3 Nbd7 7. c5 c6 8. Bd3 b6 9. b4 a5 10. a3 Ba6 11. Bxa6 Rxa6 12. b5 cxb5 13. c6 Ne4 14. Nxb5 Ndf6 15. 0-0 Ra8 16. a4 Nd6 17. Ne5 Nxb5 18. axb5 Bd6 19. h3 Qc7 20. g4 Ne4 21. f3 Nc3 22. Qd3 Bb4 23. Nd7 Qd8 24. Nxf8 Qxf8 25. Rfc1 Nxb5 26. Qxb5 Bd6 27. c7 Rc8 28. Qxb6 Bxf4 29. exf4 Qe7 30. Qb8 Qd7 31. Rab1 1-0

[Event "Titled Tuesday intern op 14th Nov Early"]
[Site "Chess.com INT"]
[Date "2023.11.14"]
[Round "5"]
[White "Brunner, Nicolas"]
[Black "Vakhlamov, Igor L"]
[Result "1-0"]
[WhiteElo "2412"]
[BlackElo "2413"]
[PlyCount "83"]
[EventDate "2023.11.14"]
[EventType "swiss (blitz)"]
[EventRounds "11"]
[EventCountry "USA"]
[SourceTitle "CB47_2023"]
[SourceDate "2023.11.22"]
[SourceVersion "1"]
[SourceVersionDate "2023.11.22"]
[SourceQuality "1"]

1. Nf3 d5 2. g3 Nf6 3. Bg2 c5 4. c4 e6 5. 0-0 Nc6 6. cxd5 exd5 7. d4 Be7 8. Nc3 0-0 9. Bg5 c4 10. Ne5 Be6 11. b3 Qa5 12. Qd2 Bb4 13. Rac1 Ne4 14. Bxe4 dxe4 15. Nxc4 Bxc4 16. bxc4 Bxc3 17. Rxc3 Nxd4 18. Qxd4 Qxg5 19. Qxe4 b6 20. Rd3 Rae8 21. Qf3 Qc5 22. Rd7 Qxc4 23. Rxa7 Qxe2 24. Qxe2 Rxe2 25. Rb1 Re6 26. Rb7 Ra8 27. R1xb6 Ree8 28. Rb2 g6 29. Rc2 Re6 30. Rcc7 Rf6 31. Ra7 Rb8 32. Rc2 h5 33. h4 Rf5 34. a4 Kg7 35. Ra2 Rb1+ 36. Kg2 Rb6 37. a5 Rbb5 38. a6 Ra5 39. Rxa5 Rxa5 40. Kf3 Kf6 41. Ke4 Ra2 42. Kd5 1-0

[Event "Titled Tuesday intern op 14th Nov Early"]
[Site "Chess.com INT"]
[Date "2023.11.14"]
[Round "6"]
[White "Seo, Jung Min"]
[Black "Brunner, Nicolas"]
[Result "1-0"]
[WhiteElo "2480"]
[BlackElo "2412"]
[PlyCount "115"]
[EventDate "2023.11.14"]
[EventType "swiss (blitz)"]
[EventRounds "11"]
[EventCountry "USA"]
[SourceTitle "CB47_2023"]
[SourceDate "2023.11.22"]
[SourceVersion "1"]
[SourceVersionDate "2023.11.22"]
[SourceQuality "1"]

1. d4 d5 2. c4 e6 3. Nf3 Nf6 4. Nc3 Be7 5. g3 0-0 6. Bg2 dxc4 7. Ne5 c5 8. dxc5 Qxd1+ 9. Nxd1 Bxc5 10. 0-0 Nd5 11. Nxc4 Nc6 12. Nc3 Nxc3 13. bxc3 Bd7 14. Rb1 b6 15. Rd1 Be8 16. Nd6 Bxd6 17. Rxd6 Rc8 18. Ba3 Ne7 19. Rd3 Rc7 20. Rd8 Ba4 21. Rd4 b5 22. Bd6 Rd7 23. Bc5 Rc7 24. Bd6 Rd7 25. Bb4 Rc7 26. Rb2 Rfc8 27. Rbd2 f6 28. Rd7 Nf5 29. Bb7 Rxd7 30. Rxd7 Rc4 31. Bf3 a6 32. Ra7 Bd1 33. Rxa6 Kf7 34. Ra7+ Kg6 35. Kf1 h6 36. Ke1 Bc2 37. e3 Bd3 38. Kd2 Be4 39. Be2 Rc8 40. Bxb5 Rd8+ 41. Rd7 Ra8 42. a4 h5 43. h3 h4 44. gxh4 Nxh4 45. c4 Nf3+ 46. Kc3 Ne5 47. Rd4 Bf3 48. c5 Rh8 49. h4 Rc8 50. a5 Bd5 51. f4 Nc6 52. Bxc6 Rxc6 53. e4 Ba2 54. Rd6 Rxd6 55. cxd6 Kf7 56. a6 Bb1 57. Kd4 f5 58. d7 1-0

[Event "Titled Tuesday intern op 11th Jul Early"]
[Site "Chess.com INT"]
[Date "2023.07.11"]
[Round "10"]
[White "Borgaonkar, Akshay"]
[Black "Brunner, Nicolas"]
[Result "1-0"]
[WhiteElo "2076"]
[BlackElo "2426"]
[PlyCount "49"]
[EventDate "2023.07.11"]
[EventType "swiss (blitz)"]
[EventRounds "11"]
[EventCountry "USA"]
[SourceTitle "EXT 2024"]
[Source "ChessBase"]
[SourceDate "2023.10.10"]
[SourceVersion "1"]
[SourceVersionDate "2023.10.10"]
[SourceQuality "1"]

1. d4 Nf6 2. Bf4 e6 3. Nf3 b6 4. e3 Bb7 5. Bd3 c5 6. Nc3 Be7 7. Qe2 d6 8. 0-0-0 0-0 9. h4 Nc6 10. Ne4 Nb4 11. Nxf6+ Bxf6 12. Bxh7+ Kxh7 13. Ng5+ Kg8 14. Qh5 Re8 15. Qxf7+ Kh8 16. dxc5 Bd5 17. Qh5+ Kg8 18. Bxd6 Bxb2+ 19. Kxb2 Qf6+ 20. c3 Qh6 21. Qf7+ Kh8 22. cxb4 bxc5 23. Qxe8+ Rxe8 24. Nf7+ Kh7 25. Nxh6 1-0

[Event "Titled Tuesday intern op 11th Jul Early"]
[Site "Chess.com INT"]
[Date "2023.07.11"]
[Round "11"]
[White "Fiorito, Joaquin"]
[Black "Brunner, Nicolas"]
[Result "1-0"]
[WhiteElo "2409"]
[BlackElo "2426"]
[PlyCount "135"]
[EventDate "2023.07.11"]
[EventType "swiss (blitz)"]
[EventRounds "11"]
[EventCountry "USA"]
[SourceTitle "EXT 2024"]
[Source "ChessBase"]
[SourceDate "2023.10.10"]
[SourceVersion "1"]
[SourceVersionDate "2023.10.10"]
[SourceQuality "1"]

1. d4 Nf6 2. Nc3 d5 3. Bf4 Bf5 4. f3 h6 5. g4 Bh7 6. Qd2 a6 7. h4 e6 8. e3 c5 9. Nh3 Nc6 10. Bg3 Bd6 11. Bxd6 Qxd6 12. Nf4 g5 13. hxg5 hxg5 14. Nfe2 0-0-0 15. 0-0-0 Bg6 16. Bg2 Kb8 17. dxc5 Qxc5 18. Nd4 Ne5 19. Nb3 Qb6 20. Qf2 Nc4 21. Rhe1 Rc8 22. f4 Nxg4 23. Qg3 Ngxe3 24. f5+ Ka8 25. fxg6 Nxd1 26. Rxd1 fxg6 27. Kb1 Qe3 28. Bf3 Nxb2 29. Nxd5 exd5 30. Kxb2 Qc3+ 31. Ka3 Rh4 32. Rxd5 Rhc4 33. Qd6 Qxf3 34. Rxg5 Rxc2 35. Rxg6 Qc3 36. Rg4 Qb2+ 37. Kb4 Qxa2 38. Qb6 Qb1 39. Rg7 R2c4+ 40. Ka3 Rb8 41. Rg5 Rc6 42. Qb4 Qc2 43. Ra5 Qc4 44. Qd2 Rbc8 45. Qd7 Qc3 46. Qd5 R6c7 47. Rxa6+ Kb8 48. Ra4 Rc4 49. Qd6+ R8c7 50. Ra5 Qc2 51. Rb5 Rc3 52. Qd8+ Rc8 53. Qd6+ R3c7 54. Ra5 Qc6 55. Qd4 Rd7 56. Qa7+ Kc7 57. Rc5 Qxc5+ 58. Qxc5+ Kb8 59. Qe5+ Rdc7 60. Nc5 Ka7 61. Na4 Rc6 62. Qd4+ Kb8 63. Kb4 Ra6 64. Qe5+ Ka8 65. Kb5 Ka7 66. Qd4+ Kb8 67. Nb6 Rh8 68. Qxh8+ 1-0

[Event "Titled Tuesday intern op 20th Jun Early"]
[Site "Chess.com INT"]
[Date "2023.06.20"]
[Round "4"]
[White "Brunner, Nicolas"]
[Black "Rastbod, Ali"]
[Result "1-0"]
[WhiteElo "2424"]
[BlackElo "2274"]
[PlyCount "89"]
[EventDate "2023.06.20"]
[EventType "swiss (blitz)"]
[EventRounds "11"]
[EventCountry "USA"]
[SourceTitle "EXT 2024"]
[Source "ChessBase"]
[SourceDate "2023.10.10"]
[SourceVersion "1"]
[SourceVersionDate "2023.10.10"]
[SourceQuality "1"]

1. Nf3 Nf6 2. g3 b6 3. Bg2 Bb7 4. 0-0 g6 5. c4 Bg7 6. d4 0-0 7. d5 Ne4 8. Nd4 Nd6 9. Qd3 e5 10. Nc2 f5 11. f3 Na6 12. e4 Nc5 13. Qe2 fxe4 14. fxe4 Rxf1+ 15. Kxf1 Nxc4 16. Kg1 Nd6 17. Nc3 a5 18. Be3 Ba6 19. Qg4 Nc4 20. Bxc5 bxc5 21. b3 Nd6 22. Bh3 Bc8 23. Ne3 Qe7 24. Rf1 Bh6 25. Nf5 Nxf5 26. exf5 d6 27. Qf3 Qg5 28. Ne4 Qe3+ 29. Qxe3 Bxe3+ 30. Kg2 a4 31. f6 Bxh3+ 32. Kxh3 Kf7 33. Rf3 Bc1 34. Rf1 Bh6 35. g4 Bf4 36. g5 axb3 37. axb3 Ra2 38. Kg4 Rg2+ 39. Kf3 Rxh2 40. Ra1 h6 41. Ra7 Bxg5 42. Rxc7+ Kf8 43. Nxd6 Rh3+ 44. Kg2 Bxf6 45. Kxh3 1-0

[Event "Titled Tuesday intern op 13th Jun Early"]
[Site "Chess.com INT"]
[Date "2023.06.13"]
[Round "7"]
[White "Bashirli, Saadat"]
[Black "Brunner, Nicolas"]
[Result "0-1"]
[WhiteElo "1647"]
[BlackElo "2424"]
[PlyCount "72"]
[EventDate "2023.06.13"]
[EventType "swiss (blitz)"]
[EventRounds "11"]
[EventCountry "USA"]
[SourceTitle "EXT 2024"]
[Source "ChessBase"]
[SourceDate "2023.10.10"]
[SourceVersion "1"]
[SourceVersionDate "2023.10.10"]
[SourceQuality "1"]

1. d4 Nf6 2. e3 d5 3. f4 Bg4 4. Nf3 e6 5. Bd3 Bd6 6. Nbd2 0-0 7. 0-0 c5 8. c3 Nc6 9. h3 Bh5 10. b3 cxd4 11. cxd4 Nb4 12. Bb1 Bg6 13. Bb2 Rc8 14. a3 Nc2 15. Bxc2 Rxc2 16. Bc1 Qc7 17. Ne5 Rc8 18. Nxg6 hxg6 19. Nc4 Rxc1 20. Rxc1 dxc4 21. Rxc4 Qd7 22. Qc2 Rxc4 23. Qxc4 Bxa3 24. Ra1 Qe7 25. Qa4 Bb2 26. Rb1 Bc3 27. Qxa7 Nd5 28. Qb8+ Kh7 29. Qc8 Bd2 30. e4 Nxf4 31. Qc4 Qg5 32. Qf1 Nxh3+ 33. Kh2 Bf4+ 34. Kh1 Qg3 35. Qg1 Nxg1 36. Kxg1 Be3+ 0-1

[Event "Titled Tuesday intern op 13th Jun Early"]
[Site "Chess.com INT"]
[Date "2023.06.13"]
[Round "8"]
[White "Mohammad Fahad, Rahman"]
[Black "Brunner, Nicolas"]
[Result "1-0"]
[WhiteElo "2424"]
[BlackElo "2424"]
[PlyCount "59"]
[EventDate "2023.06.13"]
[EventType "swiss (blitz)"]
[EventRounds "11"]
[EventCountry "USA"]
[SourceTitle "EXT 2024"]
[Source "ChessBase"]
[SourceDate "2023.10.10"]
[SourceVersion "1"]
[SourceVersionDate "2023.10.10"]
[SourceQuality "1"]

1. Nf3 c5 2. b3 Nc6 3. Bb2 d6 4. e3 Bg4 5. c4 Nf6 6. Be2 e6 7. 0-0 Be7 8. d4 Qd7 9. h3 Bf5 10. Nc3 0-0 11. Nh4 Bg6 12. Nxg6 hxg6 13. Bf3 Rad8 14. dxc5 dxc5 15. Qxd7 Rxd7 16. Bxc6 bxc6 17. Rfd1 Rfd8 18. Rxd7 Rxd7 19. Rd1 Rxd1+ 20. Nxd1 Nd7 21. Kf1 f5 22. Ke2 Kf7 23. Nc3 Bf6 24. Na4 Bxb2 25. Nxb2 e5 26. h4 Kf6 27. e4 Nf8 28. Nd3 Ne6 29. Ke3 a6 30. g3 1-0

[Event "FRA-chT Top 16 Gp Basse"]
[Site "Chartres"]
[Date "2023.06.11"]
[Round "4.2"]
[White "Philippe, Guillaume"]
[Black "Brunner, Nicolas"]
[Result "0-1"]
[WhiteElo "2350"]
[BlackElo "2424"]
[PlyCount "68"]
[EventDate "2023.06.08"]
[EventType "team-tourn"]
[EventRounds "4"]
[EventCountry "FRA"]
[SourceTitle "CBM 214 Extra"]
[Source "ChessBase"]
[SourceDate "2023.07.31"]
[SourceVersion "1"]
[SourceVersionDate "2023.07.31"]
[SourceQuality "1"]
[WhiteTeam "Marseille"]
[BlackTeam "Vandoeuvre"]
[WhiteTeamCountry "FRA"]
[BlackTeamCountry "FRA"]

1. e4 e5 2. Nf3 Nf6 3. Nxe5 d6 4. Nf3 Nxe4 5. Nc3 Nxc3 6. dxc3 Be7 7. Bf4 0-0 8. Qd2 Nd7 9. 0-0-0 Nc5 10. h4 Re8 11. Bd3 Bg4 12. Kb1 Qd7 13. Rdg1 Bf8 14. h5 a5 15. Nh4 Nxd3 16. Qxd3 Bxh5 17. g4 Bg6 18. Qh3 Bxc2+ 19. Ka1 h6 20. Nf5 f6 21. Rc1 Bxf5 22. gxf5 a4 23. Rcg1 Ra5 24. Qxh6 Qxf5 25. Qh8+ Kf7 26. Be3 a3 27. bxa3 Rxa3 28. Rh7 Rxa2+ 29. Kxa2 Ra8+ 30. Kb2 Qb5+ 31. Kc1 Ra1+ 32. Kd2 Ra2+ 33. Kd1 Qd3+ 34. Bd2 Qxd2# 0-1

[Event "Titled Tuesday intern op 09th May Early"]
[Site "Chess.com INT"]
[Date "2023.05.09"]
[Round "2"]
[White "Brunner, Nicolas"]
[Black "Sjugirov, Sanan"]
[Result "0-1"]
[WhiteElo "2426"]
[BlackElo "2712"]
[PlyCount "82"]
[EventDate "2023.05.09"]
[EventType "swiss (blitz)"]
[EventRounds "11"]
[EventCountry "USA"]
[SourceTitle "CBM 214 Extra"]
[Source "ChessBase"]
[SourceDate "2023.07.31"]
[SourceVersion "1"]
[SourceVersionDate "2023.07.31"]
[SourceQuality "1"]

1. Nf3 d5 2. g3 Nd7 3. d4 Nb6 4. Bg2 Bf5 5. 0-0 e6 6. Nh4 Bg4 7. h3 Bh5 8. Nd2 Be7 9. Nhf3 Nf6 10. b3 0-0 11. Bb2 a5 12. a3 c6 13. c4 a4 14. c5 Nbd7 15. b4 Ne4 16. Nxe4 dxe4 17. Ne5 f5 18. f3 exf3 19. exf3 Nxe5 20. dxe5 Qc7 21. Qc2 Rfd8 22. Rad1 Rd5 23. g4 Bg6 24. Rxd5 cxd5 25. Qd2 b6 26. cxb6 Qxb6+ 27. Bd4 Qd8 28. Rc1 fxg4 29. hxg4 h5 30. gxh5 Bxh5 31. f4 Bg4 32. Bc5 Bh4 33. Bf2 Rb8 34. Rc5 Be7 35. Ra5 Rc8 36. Rxa4 Bf5 37. Ra7 Rc2 38. Qe3 Bh4 39. Bxh4 Qxh4 40. b5 Rb2 41. Bf1 Qh2# 0-1